عرض عادي عرض مارك
  • Loosemore, Martin,

مدخل إسم شخص

عدد التسجيلات المستخدمة في: 1

001 - رقم الضبط

  • حقل الضبط: 44770

003 - معرف رقم الضبط

  • حقل الضبط: OSt

005 - تاريخ ووقت أخر عملية

  • حقل الضبط: 20140512133535.0

008 - عناصر بيانات ثابتة الطول

  • حقل تحكم ثابت الطول: 140512|||a|||||| | ||| d

040 ## - مصدر الفهرسة

  • هيئة الفهرسة الأصلية: OSt
  • وكالة الكتابة: OSt

100 ## - مدخل -- أسم شخص

  • إسم شخص: Loosemore, Martin,
  • تواريخ مرتبطة بالاسم: 1962-

670 ## - بيانات المصدر موجوده

  • الاستشهاد بالمصدر: Work cat.: (OSt)0: Loosemore, Martin, 1962-, Innovation, strategy and risk in construction /, 2014